La protección jurídica de los espacios naturales / (Record no. 25611)
[ view plain ]
| 000 -LEADER | |
|---|---|
| campo de control de longitud fija | 00588nam a2200157 i 4500 |
| 001 - NÚMERO DE CONTROL | |
| campo de control | 25611 |
| 003 - IDENTIFICADOR DE NÚMERO DE CONTROL | |
| campo de control | ES-MaACL |
| 007 - CAMPO FIJO DE DESCRIPCIÓN FÍSICA--INFORMACIÓN GENERAL | |
| campo de control de longitud fija | t| |
| 008 - DATOS DE LONGITUD FIJA--INFORMACIÓN GENERAL | |
| campo de control de longitud fija | 021227s1982 sp ||||1| spa d |
| 100 1# - ENTRADA PRINCIPAL--NOMBRE DE PERSONA | |
| Nombre de persona | Ariño Ortiz, Gaspar. |
| 9 (RLIN) | 22842 |
| 245 13 - MENCIÓN DEL TÍTULO | |
| Título | La protección jurídica de los espacios naturales / |
| Mención de responsabilidad, etc. | Gaspar Ariño Ortiz, Juan Miguel de la Cuétara Matínez. |
| 260 ## - PUBLICACIÓN, DISTRIBUCIÓN, ETC. | |
| Lugar de publicación, distribución, etc. | Madrid : |
| Nombre del editor, distribuidor, etc. | [Centro de Estudios de Ordenación del Territorio y Medio Ambiente. A.G.E.], |
| Fecha de publicación, distribución, etc. | 1982. |
| 300 ## - DESCRIPCIÓN FÍSICA | |
| Extensión | 190 p. ; |
| Dimensiones | 30 cm. |
| 700 1# - ENTRADA AGREGADA--NOMBRE PERSONAL | |
| Nombre de persona | Cuétara Martínez, Juan Miguel de la. |
| 9 (RLIN) | 42073 |
| 852 ## - LOCALIZACIÓN | |
| Ubicación | ES-MaACL |
| Número de control de estantería | L-5859 |
| Sublocalización o colección | R.106443 |
| Estatus retirado | Estado de pérdida | Estado de daño | No para préstamo | Biblioteca de origen | Biblioteca actual | Ubicación en estantería | Fecha de adquisición | Fuente de adquisición | Total de préstamos | Signatura topográfica completa | Código de barras | Visto por última vez | Precio de reemplazo | Tipo de ítem Koha |
|---|---|---|---|---|---|---|---|---|---|---|---|---|---|---|
| Biblioteca del Ateneo de Madrid | Biblioteca del Ateneo de Madrid | Depósito 2 | 17/01/2008 | L-5859 | 1026412 | 23/02/2023 | 23/02/2023 | Libro impreso |
